000 01593cam a22003615i 4500
999 _c15463
_d15463
001 15755135
003 EG-ScBUE
005 20200205111305.0
008 090529t20092009maua f b 001 0 eng d
020 _a031260338X (Student Edition without Handbook; MLA Update)
020 _a9780312603380 (Student Edition without Handbook; MLA Update)
040 _aDLC
_beng
_erda
_cDLC
_dDLC
_dEG-ScBUE
082 0 4 _a808.042
_bMCW
_222
100 1 _aMcWhorter, Kathleen T.,
_eauthor.
_924403
245 1 0 _aSuccessful college writing :
_bskills, strategies, learning styles /
_cKathleen T. McWhorter, Niagara County Community College.
250 _aBrief fourth edition
264 1 _aBoston :
_aNew York, NY :
_bBedford / St. Martins,
_c[2009]
264 4 _cc2009
300 7 _aIi, 729 pages :
_billustrations ;
_c23 cm
336 _atext
_btxt
_2rdacontent
337 _aunmediated
_bn
_2rdamedia
338 _avolume
_bnc
_2rdacarrier
504 _aIncludes bibliographical references and index.
650 7 _aEnglish language
_xRhetoric
_vProblems, exercises, etc.
_2BUEsh
650 7 _aReport writing
_vProblems, exercises, etc.
_2BUEsh
650 7 _aEnglish language
_xRhetoric.
_2BUEsh
651 _2BUEsh
653 _bHHUUEENN
_cMay2011
_cSeptember2013
856 4 2 _3Publisher description
_uhttp://www.loc.gov/catdir/enhancements/fy0912/2009929649-d.html
856 4 1 _3Table of contents only
_uhttp://www.loc.gov/catdir/enhancements/fy0912/2009929649-t.html
856 4 2 _3Contributor biographical information
_uhttp://www.loc.gov/catdir/enhancements/fy0912/2009929649-b.html
942 _2ddc
_cBB